La vita spirituale paolina (Record n. 21752)
[ formato base ]
| 000 -LEADER | |
|---|---|
| fixed length control field | 01176nam a2200217Ia 4500 |
| 003 - CONTROL NUMBER IDENTIFIER | |
| control field | IT-RoPAU |
| 005 - DATE AND TIME OF LATEST TRANSACTION | |
| control field | 20220918175622.0 |
| 008 - FIXED-LENGTH DATA ELEMENTS--GENERAL INFORMATION | |
| fixed length control field | 120407s9999 xx 000 0 und d |
| 040 ## - CATALOGING SOURCE | |
| Original cataloging agency | IT-RoPAU |
| Transcribing agency | 20130318105846.0 |
| 040 ## - CATALOGING SOURCE | |
| Transcribing agency | IT-RoPAU |
| 041 ## - LANGUAGE CODE | |
| Language code of text/sound track or separate title | ita |
| 100 ## - MAIN ENTRY--PERSONAL NAME | |
| Personal name | Capitolo Speciale Generale. Prima Sessione. |
| 9 (RLIN) | 467 |
| 245 ## - TITLE STATEMENT | |
| Title | La vita spirituale paolina |
| Remainder of title | Seconda Commissione |
| 250 ## - EDITION STATEMENT | |
| Edition statement | 1° ed |
| 260 ## - PUBLICATION, DISTRIBUTION, ETC. (IMPRINT) | |
| Place of publication, distribution, etc. | Roma |
| Name of publisher, distributor, etc. | PSSP (Ad uso manoscritto) |
| Date of publication, distribution, etc. | 1969 |
| 300 ## - PHYSICAL DESCRIPTION | |
| Dimensions | 26 cm |
| Extent | 146 pp. |
| 490 ## - SERIES STATEMENT | |
| Volume/sequential designation | 2 Vol. |
| Series statement | EP |
| 520 ## - SUMMARY, ETC. | |
| Summary, etc. | Sommario generale<br/><br/>la vita religiosa paolina<br/>Introduzione (nn. 0.1-0.3)<br/><br/>Capitolo I - I Principi spirituali della nostra vita (nn. 1.1.1-1.4.29)<br/>Capitolo II - Comunità di amore (nn. 2.1.1.-2.7.4.)<br/>Capitolo III - Comunità di preghiera (nn. 3.1.1.-3.11.12.)<br/>Capitolo IV - I voti religiosi (nn. 4.1.1.-4.5.9.)<br/>Allegati Al capitolo I (v. n. 1.4.8) (nn. 5.1.1.-5.4.11.)<br/>Allegato n°1: Gesù Maestro Via e Verita e Vita (nn. 5.1.1.-5.1.21)<br/>Allegato n° 2: Maestro (nn. 5.2.1-5.2.15.)<br/>Allegato n° 3: San Paolo (nn. 5.3.1.-5.3.15)<br/>Allegato n° 4: Maria Regina degli Apostoli (nn. 5.4.1.-5.4.11)<br/><br/>Appendice |
| 942 ## - ADDED ENTRY ELEMENTS (KOHA) | |
| Koha item type | LIBRO |
| Source of classification or shelving scheme | Dewey Decimal Classification |
| Withdrawn status | Lost status | Source of classification or shelving scheme | Damaged status | Not for loan | Home library | Current library | Date acquired | Total Checkouts | Full call number | Date last seen | Price effective from | Koha item type |
|---|---|---|---|---|---|---|---|---|---|---|---|---|
| Dewey Decimal Classification | Buone Condizioni | Not For Loan | PAULUS-BIBLIOTECA | PAULUS-BIBLIOTECA | 18/03/2013 | P C4 | 18/03/2013 | 18/03/2013 | LIBRO | |||
| Dewey Decimal Classification | Buone Condizioni | Not For Loan | PAULUS-BIBLIOTECA | PAULUS-BIBLIOTECA | 18/03/2013 | P C4 | 18/03/2013 | 18/03/2013 | LIBRO | |||
| Dewey Decimal Classification | Buone Condizioni | Not For Loan | PAULUS-BIBLIOTECA | PAULUS-BIBLIOTECA | 18/03/2013 | P C4 | 18/03/2013 | 18/03/2013 | LIBRO | |||
| Dewey Decimal Classification | Buone Condizioni | Not For Loan | PAULUS-BIBLIOTECA | PAULUS-BIBLIOTECA | 20/03/2013 | P C4 | 20/03/2013 | 20/03/2013 | LIBRO | |||
| Dewey Decimal Classification | Buone Condizioni | Not For Loan | PAULUS-BIBLIOTECA | PAULUS-BIBLIOTECA | 20/03/2013 | P C4 | 20/03/2013 | 20/03/2013 | LIBRO |